Ética y medio ambiente: hacia una vida sostenible (Registro nro. 11878)
[ vista simple ]
| 000 -Cabecera | |
|---|---|
| Campo de control de longitud fija | 01156nam a22004457a 4500 |
| 005 - Fecha y hora de la última transacción | |
| Campo de control | 20250701160330.0 |
| 008 - Elementos de longitud fija--Información general | |
| Campo de control de longitud fija | 190430b2004 xxu||||| |||| 00| 0 spa d |
| 020 ## - International Standard Book Number | |
| Número Internacional Estándar del Libro (ISBN) | 9789977831351 |
| 041 ## - Idioma | |
| Código de idioma | |
| 082 ## - Clasificación Decimal Dewey | |
| Número de clasificación | 179.1 M467e2 |
| 100 ## - Entrada principal--Autor personal | |
| Nombre personal | May, Roy H. |
| 9 (RLIN) | 7844 |
| 245 ## - Título propiamente dicho | |
| Título | Ética y medio ambiente: hacia una vida sostenible |
| 250 ## - Edición | |
| Mención de edición | 2 edición |
| 260 ## - Pie de imprenta | |
| Lugar de publicación, distribución, etc. | Costa Rica |
| 260 ## - Pie de imprenta | |
| Nombre del editor, distribuidor, etc. | DEI |
| 260 ## - Pie de imprenta | |
| Fecha de publicación, distribución, etc. | 2004 |
| 300 ## - Descripción física | |
| Extensión | 161 páginas |
| 490 ## - Serie | |
| Título de la Serie | Turismo |
| 650 ## - Materia general | |
| Temática (materia general) | ÉTICA AMBIENTAL |
| 650 ## - Materia general | |
| Temática (materia general) | PROTECCIÓN AMBIENTAL |
| 650 ## - Materia general | |
| Temática (materia general) | MEDIO AMBIENTE |
| 650 ## - Materia general | |
| Temática (materia general) | CRISIS AMBIENTAL |
| 650 ## - Materia general | |
| Temática (materia general) | POLÍTICA AMBIENTAL |
| 650 ## - Materia general | |
| Temática (materia general) | DEFORESTACIÓN MASIVA |
| 650 ## - Materia general | |
| Temática (materia general) | CONTAMINACIÓN DEL AGUA |
| 650 ## - Materia general | |
| Temática (materia general) | CONTAMINACIÓN DEL AIRE |
| 650 ## - Materia general | |
| Temática (materia general) | MONOCULTIVO |
| 650 ## - Materia general | |
| Temática (materia general) | ÉTICA DE LA CONVIVENCIA |
| 650 ## - Materia general | |
| Temática (materia general) | NATURALEZA |
| 650 ## - Materia general | |
| Temática (materia general) | CULTURAS INDÍGENAS |
| 650 ## - Materia general | |
| Temática (materia general) | DEBATE HERMENÉUTICO |
| 650 ## - Materia general | |
| Temática (materia general) | ECOLOGÍA |
| 650 ## - Materia general | |
| Temática (materia general) | ECOLOGÍA SOCIAL |
| 650 ## - Materia general | |
| Temática (materia general) | ECOLOGÍA RADICAL |
| 650 ## - Materia general | |
| Temática (materia general) | ECOFEMINISMO |
| 650 ## - Materia general | |
| Temática (materia general) | ECOTEOLOGÍA |
| 650 ## - Materia general | |
| Temática (materia general) | HOLISMO |
| 650 ## - Materia general | |
| Temática (materia general) | ANTROPOCENTRISMO |
| 942 ## - Punto de acceso adicional KOHA | |
| Tipo de ítem KOHA | Libro |
| Fuente del sistema de clasificación o colocación | Dewey Decimal Classification |
| Signatura completa | Código de barras | Tipo de ítem | Programa Académico |
|---|---|---|---|
| 179.1 M467e2 | 7703 | Libro | |
| 179.1 M467e | 13490 | Libro | Turismo |
| 179.1 M467e | 13492 | Libro |